El mundo como voluntad y representación.
Wedi'i Gadw mewn:
| Prif Awdur: | |
|---|---|
| Awduron Eraill: | |
| Fformat: | Anhysbys |
| Cyhoeddwyd: |
Madrid, España:
Trotta,
2009.
|
| Rhifyn: | Segunda edición (v.I). Tercera edición (v.II) |
| Cyfres: | Clásicos de la Cultura.
|
| Pynciau: | |
| Tagiau: |
Ychwanegu Tag
Dim Tagiau, Byddwch y cyntaf i dagio'r cofnod hwn!
|
MARC
| LEADER | 00000 a2200000 4500 | ||
|---|---|---|---|
| 003 | CL-VaPUC | ||
| 005 | 20230818100322.0 | ||
| 008 | 230809t2009 ||||| |||| 00| 0 eng d | ||
| 999 | |c 441496 |d 441494 | ||
| 020 | |a 978-84-9879-077-1(o.c) | ||
| 020 | |a 978-84-9879-078-8 (v.I) | ||
| 020 | |a 978-84-9879-079-5 (v.II) | ||
| 040 | |c Pontificia Universidad Católica de Valparaíso | ||
| 082 | 7 | |a 149.6 SCH 2009 |2 22 | |
| 100 | |a Schopenhauer, Arthur |9 867193 |d 1788-1860 |e autor | ||
| 245 | 1 | 3 | |a El mundo como voluntad y representación. |
| 250 | |a Segunda edición (v.I). Tercera edición (v.II) | ||
| 260 | |a Madrid, España: |b Trotta, |c 2009. | ||
| 300 | |a 2 volúmenes. | ||
| 440 | |a Clásicos de la Cultura. |9 884031 | ||
| 490 | |a Clásicos de la Cultura, |n 24, |n 29. | ||
| 505 | |a v.I. Libro Primero. El mundo como representación, primera consideración: La representación sometida al principio de razón: El objeto de la experiencia y la ciencia. Libro Segundo. El mundo como voluntad, primera consideración: La objetivación de la voluntad. Libro Tercero. El mundo como representación, segunda consideración. La representación independientemente del principio de razón: la idea platónica: el objeto del arte. Libro Cuarto. El mundo como voluntad, segunda consideración:Afirmación y negación de la voluntad de vivir al alcanzar el autoconocimiento. Apéndice. Crítica de la filosofía kantiana. v.II. Los complementos al primer volumen. | ||
| 583 | |k GC |c 20230809 | ||
| 600 | 0 | |a Schopenhauer, Arthur, |9 875871 |d 1788-1860 |x Pesimismo filosófico | |
| 650 | 0 | |a Pesimismo |9 322258 | |
| 700 | |a López de Santa María, Pilar |e traducción |e introducción |e notas |9 884097 | ||
| 942 | |2 ddc |c BK | ||
| 952 | |0 0 |1 0 |2 ddc |4 0 |6 149_600000000000000_SCH_2009 |7 0 |8 R |9 591118 |a BIBEDU |b BIBEDU |c MCIRC |d 2023-08-04 |e 13 |g 55319.75 |h v.II |i 5658303 |o 149.6 SCH 2009 |p 5658303 |r 2023-08-04 |t 2 |v 55319.75 |w 2023-08-04 |y BK_R |k FIL | ||
| 952 | |0 0 |1 0 |2 ddc |4 0 |6 149_600000000000000_SCH_2009 |7 0 |8 R |9 591119 |a BIBEDU |b BIBEDU |c MCIRC |d 2023-08-04 |e 13 |g 55319.75 |h v.II |i 5658302 |o 149.6 SCH 2009 |p 5658302 |r 2023-08-04 |t 1 |v 55319.75 |w 2023-08-04 |y BK_R |k FIL | ||
| 952 | |0 0 |1 0 |2 ddc |4 0 |6 149_600000000000000_SCH_2009 |7 0 |8 R |9 591120 |a BIBEDU |b BIBEDU |c MCIRC |d 2023-08-04 |e 13 |g 55319.75 |h v.I |i 5658301 |o 149.6 SCH 2009 |p 5658301 |r 2023-08-04 |t 1 |v 55319.75 |w 2023-08-04 |y BK_R |k FIL | ||
| 952 | |0 0 |1 0 |2 ddc |4 0 |6 149_600000000000000_SCH_2009 |7 0 |8 R |9 591206 |a BIBEDU |b BIBEDU |c MCIRC |d 2023-08-11 |e 13 |g 55319.75 |h v.I |i 5658377 |o 149.6 SCH 2009 |p 5658377 |r 2023-08-11 |t 2 |v 55319.75 |w 2023-08-11 |y BK_R |k FIL | ||